000 00927nam a22002177a 4500
003 OSt
005 20170608093113.0
008 140214b2016 slv spa
040 _cBMC
082 _a620
100 1 _940266
_aCortéz López, Nestor Antonio
245 1 0 _aPasantía en Rodio Swissboring El Salvador, S.A. de C.V.
_b: Informe final
_cNestor Antonio Cortéz López
260 _aSanta Ana (El Salvador)
_bUniversidad Católica de El Salvador
_c2013
300 _a77 h.
_bil. col
_c27 cm
_e+ 1 disco compacto
500 _aPrecede al tít.: Universidad Católica de El Salvador, Facultad de Ingeniería y Arquitectura
500 _aPeríodo de realización: del 23 de julio de 2012 al 23 de enero de 2013
502 _aPara optar al título de: Ingeniero cívil
650 2 4 _94088
_aIngeniería
710 2 _91166
_aUniversidad Católica de El Salvador
_bFacultad de Ingeniería y Arquitectura
942 _2ddc
_cTG
999 _c26376
_d26376